Statistics for Global Language Vocabulary- H #2

Click here to take the quiz!

General Stats

  • This quiz has been taken 89 times
    (68 since last reset)
  • The average score is 3 of 12

Answer Stats

LanguageAnswer% Correct
FrenchBonjour
87%
GermanHallo
79%
PortugueseOlá
51%
Tigrinyaሰላም, selam
38%
Hebrewשלום, shalom
33%
Hindiनमस्ते, namaste
21%
Arabicمرحبًا, mrhaban
11%
SwahiliJambo
8%
MāoriKia ora
8%
RomanianBună ziua
6%
BelarusianВітаю, vitayu
3%
GreenlandicKutaa
2%

Score Distribution

Percentile by Number Answered

Percent of People with Each Score

Your Score History

You have not taken this quiz since the last reset